| 000 | 00824nam a22002657a 4500 | ||
|---|---|---|---|
| 003 | 0 | ||
| 005 | 20180711113239.0 | ||
| 008 | 0 | ||
| 010 | _aB-181777, | ||
| 020 |
_c300.00 _a8178814277 |
||
| 035 | _aB-181777, B-181778 | ||
| 037 | _bCen Lib/Ret | ||
| 040 |
_aDPL _bEN _c0 |
||
| 082 |
_a658.3 _bHUM |
||
| 245 |
_aHuman resource outsourcing : _cedited by V R P Kashyap [and] E Mrudula _ban introduction / |
||
| 260 |
_aHyderabad _bThe ICFAI University Press _c2005 |
||
| 270 |
_a52, Nagarjuna Hills, Punjagutta _bHyderabad _e500 082 |
||
| 300 |
_aviii,149p. : _c22cm(pbk) _bill. |
||
| 500 | _aIncludes index | ||
| 650 |
_aPersonnel management _913632 |
||
| 650 |
_aHuman resource management _99535 |
||
| 700 |
_aKashyap, V R P _934726 |
||
| 700 |
_aMrudula, E _934727 |
||
| 942 |
_2ddc _cEN _h658 _mDAY |
||
| 999 |
_c132445 _d132445 |
||